仲夏夜之夢

資料類型: Book 圖書   書目號:32864

Leader xxxxxxxxxx
001 __ 84116976
005 __ 19950305135741.0
008 __                                    chi  
010 0_ |a957-558-376-0|b平裝|d新臺幣100元
100 __ |a19950220d1992    d  y0chiy0109    e.
101 1_ |achi|ceng.
102 __ |acw.
105 __ |aa   z   000fy.
200 1_ |a仲夏夜之夢|e|f莎士比亞原著|g黃玉玲改寫.
205 __ |a初版.
210 __ |a臺南市|c大千|d民81[1992]
215 0_ |a253面|c|d21公分.
225 2_ |a世界文學注音版全集|v19.
260 1_ |a1992.
300 __ |a
302 __ |a國語注音.
410 _1 |12001 |a世界文學注音版全集|v19.
681 __ |a859.6|b4221.
700 _1 |a莎士比亞|b|4原著.
702 _1 |a|b玉玲|4改寫.
801 _0 |acw|bPTL|c19950225.
801 _1 |acw|b鎧鈺|c19950225.
詳細館藏(共 1 筆)
索 書 號登 錄 號冊次號館別 / 館藏地流通類型狀態加入預約清單電子資源
859.6 / 8473 2013303 v19 圖書館 / 一樓普通區 可外借30天 在館   

| 條列資料




目錄查詢 分類查詢 個人資料 圖書薦購 新書查詢 閉館日 排行榜 更多電子資源 Hami書城 線上資料庫 登出

From : 216.73.216.116

  本日流通累計至 20:07:03 借閱 : 9 次 續借 : 0 次 歸還 : 10 次 預約 : 0 次 電子資源 : 0 次


內湖高中圖書館  PCLIS 版本  25.5.0.2